Crazy Frog - Jump Lyrics - Statistics

General Stats
  • This quiz has been taken 5 times
  • The average score is 27 of 339
Answer Stats
Lyric % Correct
Jump
100%
And
33%
Crazy
33%
Do
33%
Don’t
33%
Frog
33%
I
33%
The
33%
To
33%
You
33%
Ain’t
0%
Bassline
0%
Beat
0%
Bem
0%
Ber
0%
Body
0%
Bom
0%
Bor
0%
Break
0%
Clap
0%
Come
0%
Dance
0%
Ding
0%
Dor
0%
Double
0%
Down
0%
Every
0%
Everybody
0%
Feel
0%
Feeling
0%
Four
0%
Get
0%
Gonna
0%
Got
0%
Hands
0%
Hot
0%
It
0%
It’s
0%
Jumpin’
0%
Jumpin
0%
Like
0%
Moves
0%
New
0%
Now
0%
Old-School
0%
On
0%
One
0%
Out
0%
Over
0%
Pump
0%
Pumpin’
0%
Rem
0%
Ring
0%
Say
0%
Seat
0%
Shake
0%
So
0%
Sound
0%
Stompin’
0%
Stop
0%
Take
0%
That
0%
That’s
0%
Three
0%
Time
0%
Times
0%
Too
0%
Two
0%
Until
0%
Up
0%
Whole
0%
With
0%
Y’all
0%
Your
0%
You’ve
0%
No matching quizzes found
Score Distribution
Percent of People with Each Score
Percentile by Number Answered
Your Score History
You have not taken this quiz